Wszystkie filmy z Romanem Wilhelmim - Statystyki

Ogólne statystyki
  • Ten quiz został rozwiązany 6 razy
  • Średni wynik to 10 z 50
Statystyki odpowiedzi
Rok Tytuł % Poprawnych
(serial) Alternatywy 4
100%
1966 (serial) Czterej pancerni i pies
100%
1980 (serial) Kariera Nikodema Dyzmy
80%
1975 Zaklęte rewiry
60%
1979 Aria dla atlety
40%
Dzieje grzechu
40%
1957 Eroica
40%
1960 Krzyżacy
40%
1977 (serial) Lalka
40%
1958 Orzeł
40%
Prywatne śledztwo
40%
1963 Wiano
40%
Wojna światów- następne stulecie
40%
1978 Bez znieczulenia
20%
1991 Błękitna nuta
20%
Ćma
20%
1961 Dziś w nocy umrze miasto
20%
1973 Nagrody i odznaczenia
20%
Okolice spokojnego morza
20%
1976 (serial) Parada oszustów
20%
Paragon gola
20%
Sprawa Gorgonowej
20%
1970 (serial) Wakacje z duchami
20%
Westerplatte
20%
Widziadło
20%
-||- Zaklęty dwór
20%
1981 Zapach psiej sierści
20%
1973 (serial) Das unsichtbare Viser
0%
1969 (serial) Do przerwy 0:1
0%
Erdély aranykora
0%
1986 (serial) Gorące ślady
0%
Jesienią o szczęściu
0%
1988 Klątwa doliny wieży
0%
1967 Mąż pod łóżkiem
0%
Mniejsze niebo
0%
1989 Narrenweisheit
0%
1982 Odwet
0%
1985 Pan W.
0%
1983 Pobyt
0%
1970 Ponieważ Cię kocham
0%
1964 Prawo w naszych rękach
0%
Rykowisko
0%
1977 Sam na sam
0%
1974 S.O.S.
0%
-||- Stawiam na Tolka Banana
0%
1955 Uwaga chuligani!
0%
1962 Wielka, większa i największa
0%
1987 Zad wielkiego wieloryba
0%
1978 (serial) Zielona miłość
0%
Życie raz jeszcze
0%
Nie znaleziono quizów pasujących do podanych kryteriów
Rozkład punktacji
Procent ludzi z każdym wynikiem
Percentyl według liczby udzielonych odpowiedzi
Twoja historia wyników
Nie rozwiązałeś tego quizu